15 największych miast Macedoni - Statystyki

Ogólne statystyki
  • Ten quiz został rozwiązany 35 razy
  • Średni wynik to 5 z 15
Statystyki odpowiedzi
Odpowiedź % Poprawnych
Skopje 474 tys.
100%
Ochryda 54 tys.
63%
Bitola 86 tys.
59%
Tetowo 72 tys.
44%
Prilep 73 tys.
41%
Kumanowo 76 tys.
37%
Saloniki 338 tys.
37%
Gostiwar 50 tys.
26%
Wełes 57 tys.
22%
Čair 64 tys.
15%
Błagojewgrad 69 tys.
11%
Katerini 50 tys.
11%
Kawala 51 tys.
11%
Kisela Voda 58 tys.
11%
Sérres 55 tys.
7%
Nie znaleziono quizów pasujących do podanych kryteriów
Rozkład punktacji
Procent ludzi z każdym wynikiem
Percentyl według liczby udzielonych odpowiedzi
Twoja historia wyników
Nie rozwiązałeś tego quizu